| 000 | 00649nam a22001937a 4500 | ||
|---|---|---|---|
| 005 | 20180619153218.0 | ||
| 010 | _aENG-123200 | ||
| 020 |
_a9788181523761 _c1650.00 |
||
| 035 | _aEN-106732 | ||
| 037 | _bDBAD/PUB | ||
| 082 | _a305.420954 | ||
| 100 | _aVyas, Ashutosh | ||
| 245 |
_aGender issues and women empowerment: _cby Ashutosh Vyas _bdimensions and development |
||
| 260 |
_aJaipur _bBook Enclave _c2016 |
||
| 270 |
_aF-11,S.S. Tower, Dhamani Street, Chaura Rasta, _bJaipur _e302003 _k9414443132 _mbookenclave@yahoo.com |
||
| 300 |
_a268p. _c22cm(Hb) |
||
| 500 | _aIt includes index | ||
| 942 |
_2ddc _cEN _mVYA _h305.420954 |
||
| 999 |
_c152653 _d152653 |
||